Estudios referentes a servicios de marina en Filipinas (Record no. 46368)

MARC details
000 -LEADER
campo de control de longitud fija 00745nam a2200217 i 4500
001 - NÚMERO DE CONTROL
campo de control 46368
003 - IDENTIFICADOR DE NÚMERO DE CONTROL
campo de control ES-MaACL
005 - FECHA Y HORA DE LA ÚLTIMA TRANSACCIÓN
campo de control 20230906161353.0
007 - CAMPO FIJO DE DESCRIPCIÓN FÍSICA--INFORMACIÓN GENERAL
campo de control de longitud fija t|
008 - DATOS DE LONGITUD FIJA--INFORMACIÓN GENERAL
campo de control de longitud fija 030328q1880 sp b ||||1| spa d
080 ## - NÚMERO DE LA CLASIFICACIÓN DECIMAL UNIVERSAL
Número de la Clasificación Decimal Universal 915.941
100 1# - ENTRADA PRINCIPAL--NOMBRE DE PERSONA
Nombre de persona Concas y Palau, Víctor.
9 (RLIN) 40067
245 10 - MENCIÓN DEL TÍTULO
Título Estudios referentes a servicios de marina en Filipinas
Resto del título : Borneo /
Mención de responsabilidad, etc. Víctor María Concas y Palau.
260 ## - PUBLICACIÓN, DISTRIBUCIÓN, ETC.
Lugar de publicación, distribución, etc. [Madrid :
Nombre del editor, distribuidor, etc. s.n.,
Fecha de publicación, distribución, etc. 1880?]
300 ## - DESCRIPCIÓN FÍSICA
Extensión P. [523]-535, [1] h. pleg. de mapa ;
Dimensiones 24 cm.
594 ## - Nota al título y mención de responsabilidad
Nota al título y mención de responsabilidad Datos tomados de principio del texto, sin portada.
595 ## -
-- Separata de: Revista general de la Marina.
650 ## - PUNTO DE ACCESO ADICIONAL DE MATERIA--TÉRMINO DE MATERIA
Término de materia o nombre geográfico como elemento de entrada Marina de guerra-
Subdivisión geográfica Filipinas.
9 (RLIN) 150782
651 #4 - PUNTO DE ACCESO ADICIONAL DE MATERIA--NOMBRE GEOGRÁFICO
Nombre geográfico Borneo-
Subdivisión general Historia.
9 (RLIN) 159940
852 ## - LOCALIZACIÓN
Ubicación ES-MaACL
Número de control de estantería T-511-F-3
Holdings
Estatus retirado Estado de pérdida Estado de daño No para préstamo Colección Biblioteca de origen Biblioteca actual Ubicación en estantería Fecha de adquisición Fuente de adquisición Total de préstamos Signatura topográfica completa Código de barras Visto por última vez Precio de reemplazo Tipo de ítem Koha
        Colección de folletos Biblioteca del Ateneo de Madrid Biblioteca del Ateneo de Madrid Depósito folletos 17/01/2008     T-511-F-3 1048768 23/02/2023 23/02/2023 Folleto